[Event "Kalamaria op 3rd"]
[Site "Kalamaria"]
[Date "2006.08.31"]
[Round "2"]
[White "Mastrovasilis, Dimitrios"]
[Black "Sarikas, Sotirious"]
[Result "1-0"]
[WhiteElo "2567"]
[BlackElo "2025"]
[PlyCount "41"]
[EventDate "2006.08.30"]
[EventType "swiss"]
[EventRounds "9"]
[EventCountry "GRE"]
[SourceTitle "EXT 2007"]
[Source "ChessBase"]
[SourceDate "2006.11.23"]
[SourceVersion "1"]
[SourceVersionDate "2006.11.23"]
[SourceQuality "1"]

1. e4 c5 2. Nf3 Nc6 3. d4 cxd4 4. Nxd4 e5 5. Nb3 Nf6 6. Nc3 Bb4 7. Bc4 a6 8. 0-0 b5 9. Bd5 Bb7 10. a4 Nxd5 11. Nxd5 Bf8 12. Be3 Nd4 13. Nxd4 exd4 14. Bxd4 Bxd5 15. exd5 Bd6 16. Bxg7 Bxh2+ 17. Kxh2 Qh4+ 18. Kg1 Rg8 19. Re1+ Kd8 20. Qd4 Qh5 21. Qb6+ 1-0

[Event "Kalamaria op"]
[Site "Kalamaria"]
[Date "2004.04.24"]
[Round "8.6"]
[White "Exizoglou, Dimitrios"]
[Black "Sarikas, Sotirious"]
[Result "1-0"]
[WhiteElo "2167"]
[BlackElo "2013"]
[PlyCount "65"]
[EventDate "2004.04.25"]
[EventType "swiss"]
[EventRounds "9"]
[EventCountry "GRE"]
[SourceTitle "EXT 2024"]
[Source "ChessBase"]
[SourceDate "2023.10.10"]
[SourceVersion "1"]
[SourceVersionDate "2023.10.10"]
[SourceQuality "1"]

1. e4 c5 2. Nf3 Nc6 3. d4 cxd4 4. Nxd4 e5 5. Nb5 d6 6. N1c3 a6 7. Na3 Be6 8. Nc4 b5 9. Ne3 Nf6 10. Ned5 Qa5 11. Nxf6+ gxf6 12. Bd3 Nb4 13. 0-0 Nxd3 14. cxd3 b4 15. Ne2 d5 16. Ng3 dxe4 17. dxe4 Qd8 18. Qf3 Rg8 19. Rd1 Qe7 20. h3 Rg6 21. Be3 Bh6 22. Nf5 Qf8 23. Nd6+ Ke7 24. Bc5 Qg8 25. Nf5+ Ke8 26. Ne7 Qg7 27. Nxg6 Qxg6 28. Bxb4 Bf8 29. Ba3 Bxa3 30. Qxa3 f5 31. Qd6 Rc8 32. Rac1 Qg5 33. Rxc8+ 1-0

[Event "Kalamaria op"]
[Site "Kalamaria"]
[Date "2004.04.18"]
[Round "7.10"]
[White "Sarikas, Sotirious"]
[Black "Makridis, Efstathios"]
[Result "1-0"]
[WhiteElo "2013"]
[BlackElo "1715"]
[PlyCount "71"]
[EventDate "2004.04.25"]
[EventType "swiss"]
[EventRounds "9"]
[EventCountry "GRE"]
[SourceTitle "EXT 2024"]
[Source "ChessBase"]
[SourceDate "2023.10.10"]
[SourceVersion "1"]
[SourceVersionDate "2023.10.10"]
[SourceQuality "1"]

1. e4 d5 2. exd5 Qxd5 3. Nc3 Qa5 4. d4 c6 5. Bd2 Bf5 6. Bc4 Nf6 7. Bb3 e6 8. Qe2 Nbd7 9. 0-0-0 Qc7 10. h4 0-0-0 11. f3 h5 12. a3 Bd6 13. Kb1 Rhe8 14. Bg5 Kb8 15. Ne4 Be7 16. Nh3 Qb6 17. Nhf2 c5 18. Be3 Nd5 19. dxc5 Nxc5 20. Bxc5 Bxc5 21. Nxc5 Qxc5 22. Qe5+ Ka8 23. Nd3 Qb6 24. Bxd5 Rxd5 25. Qxg7 Red8 26. Rd2 a5 27. Rhd1 e5 28. Qxf7 Be6 29. Qh7 Rb5 30. Qe4 Rd4 31. Qe2 Qd6 32. Nb4 axb4 33. Rxd4 bxa3 34. Rxd6 Rxb2+ 35. Kc1 Ba2 36. Rd8+ 1-0

[Event "Kalamaria op"]
[Site "Kalamaria"]
[Date "2004.04.16"]
[Round "4.6"]
[White "Sarikas, Sotirious"]
[Black "Paximadas, Konstantinos"]
[Result "1-0"]
[WhiteElo "2013"]
[BlackElo "2091"]
[PlyCount "43"]
[EventDate "2004.04.25"]
[EventType "swiss"]
[EventRounds "9"]
[EventCountry "GRE"]
[SourceTitle "EXT 2024"]
[Source "ChessBase"]
[SourceDate "2023.10.10"]
[SourceVersion "1"]
[SourceVersionDate "2023.10.10"]
[SourceQuality "1"]

1. e4 c5 2. Nf3 a6 3. d4 cxd4 4. Nxd4 Nf6 5. Nc3 e5 6. Nb3 Bb4 7. Bd3 d5 8. exd5 e4 9. Be2 Qxd5 10. 0-0 Bxc3 11. bxc3 Nc6 12. Ba3 b5 13. Qe1 Qe5 14. f4 Qc7 15. Qg3 Rg8 16. Rad1 Bd7 17. Bd6 Qa7+ 18. Kh1 Ne7 19. f5 Bxf5 20. Bxe7 Qxe7 21. Rxf5 g6 22. Re5 1-0